000 00411nam a2200169 a 4500
001 0000-9009
003 ELIB.Books
008 110520 1981
035 _a(ELIB.Books)0000-9158
082 _aFic
_bHil
100 _aHill, Magaret
245 _aTurn The Page, Wendy
260 _bNashville: Abingdon Press
_c1981
650 _aFiction
942 _2ddc
_cBK
998 _cbat
_e2011-05-20
999 _c9009
_d9009